<?xml version="1.0" encoding="UTF-8"?>
<record
    xmlns:xsi="http://www.w3.org/2001/XMLSchema-instance"
    xsi:schemaLocation="http://www.loc.gov/MARC21/slim http://www.loc.gov/standards/marcxml/schema/MARC21slim.xsd"
    xmlns="http://www.loc.gov/MARC21/slim">

  <leader>00445nam a22001577a 4500</leader>
  <controlfield tag="003">LRUA</controlfield>
  <controlfield tag="005">20220614150823.0</controlfield>
  <controlfield tag="008">220614b        xxu||||| |||| 00| 0 eng d</controlfield>
  <datafield tag="040" ind1=" " ind2=" ">
    <subfield code="c">rua </subfield>
  </datafield>
  <datafield tag="082" ind1=" " ind2=" ">
    <subfield code="2">MGR NHE 2013 B429 Or.</subfield>
  </datafield>
  <datafield tag="100" ind1=" " ind2=" ">
    <subfield code="9">15009</subfield>
    <subfield code="a">NHEP CHAN,&#x1789;&#x17C9;&#x17C2;&#x1794; &#x1785;&#x17B6;&#x1793;&#x17CB;</subfield>
  </datafield>
  <datafield tag="245" ind1=" " ind2=" ">
    <subfield code="a">effect of chemicalfertilizer on yield of hybrid corn.</subfield>
  </datafield>
  <datafield tag="260" ind1=" " ind2=" ">
    <subfield code="a">rua </subfield>
    <subfield code="b">phnom penh </subfield>
    <subfield code="c">2013</subfield>
  </datafield>
  <datafield tag="300" ind1=" " ind2=" ">
    <subfield code="a">xiv,39p,</subfield>
    <subfield code="b">ill,</subfield>
    <subfield code="c">29cm,</subfield>
  </datafield>
  <datafield tag="942" ind1=" " ind2=" ">
    <subfield code="2">ddc</subfield>
    <subfield code="c">NRM</subfield>
  </datafield>
  <datafield tag="999" ind1=" " ind2=" ">
    <subfield code="c">20230</subfield>
    <subfield code="d">20230</subfield>
  </datafield>
  <datafield tag="952" ind1=" " ind2=" ">
    <subfield code="0">0</subfield>
    <subfield code="1">0</subfield>
    <subfield code="2">ddc</subfield>
    <subfield code="4">0</subfield>
    <subfield code="6">MGR_NHE_2013_000000000000000_B429_OR</subfield>
    <subfield code="7">0</subfield>
    <subfield code="9">90117</subfield>
    <subfield code="a">LBB</subfield>
    <subfield code="b">LBB</subfield>
    <subfield code="c">B429</subfield>
    <subfield code="d">2022-06-14</subfield>
    <subfield code="o">MGR NHE 2013 B429 Or.</subfield>
    <subfield code="p">A066489</subfield>
    <subfield code="r">2022-06-14</subfield>
    <subfield code="w">2022-06-14</subfield>
    <subfield code="y">NRM</subfield>
  </datafield>
  <datafield tag="952" ind1=" " ind2=" ">
    <subfield code="0">0</subfield>
    <subfield code="1">0</subfield>
    <subfield code="2">ddc</subfield>
    <subfield code="4">0</subfield>
    <subfield code="6">MGR_NHE_2013_000000000000000_B429_OR</subfield>
    <subfield code="7">0</subfield>
    <subfield code="9">90118</subfield>
    <subfield code="a">LBB</subfield>
    <subfield code="b">LBB</subfield>
    <subfield code="c">B429</subfield>
    <subfield code="d">2022-06-14</subfield>
    <subfield code="l">8</subfield>
    <subfield code="m">3</subfield>
    <subfield code="o">MGR NHE 2013 B429 Or.</subfield>
    <subfield code="p">A066561</subfield>
    <subfield code="r">2024-07-23</subfield>
    <subfield code="s">2024-07-09</subfield>
    <subfield code="w">2022-06-14</subfield>
    <subfield code="y">NRM</subfield>
  </datafield>
</record>
